Neuromarketing – The Connection between Neuroscience and Business

Neuromarketing spája neurovedu a podnikanie. Znalosť zmyslových vnemov zákazníkov je prostriedkom na vytvorenie túžby u zákazníka. Tento príspevok sa zameriava na neuromarketing v obchode so zameraním na vybrané problémy nákupného správania v elektronickom obchode, neuromarketing v obchodnej praxi a...

Celý popis

Uložené v:
Podrobná bibliografia
Hlavný autor: Francová, Zuzana, 1971-
Médium: Kapitola
Jazyk:English
Predmet:
Tagy: Pridať tag
Žiadne tagy, Buďte prvý, kto otaguje tento záznam!

MARC

LEADER 00000naa$a2200000$$$4500
001 0298389
005 20240502074524.2
041 0 |a eng 
044 |a SK 
245 1 0 |a Neuromarketing – The Connection between Neuroscience and Business  |c Zuzana Francová 
520 |a Neuromarketing spája neurovedu a podnikanie. Znalosť zmyslových vnemov zákazníkov je prostriedkom na vytvorenie túžby u zákazníka. Tento príspevok sa zameriava na neuromarketing v obchode so zameraním na vybrané problémy nákupného správania v elektronickom obchode, neuromarketing v obchodnej praxi a úlohu maloobchodu vo vzťahu k neuromarketingu. 
610 2 0 |a neuromarketing 
610 2 0 |a neuroveda 
610 2 0 |a podnikanie 
610 2 0 |a maloobchod 
610 2 0 |a obchod elektronický 
100 1 |a Francová, Zuzana, 1971-